ARRUPE JESUIT UNIVERSITY

CORONAVIRUS -STOP THE SPREAD - CLEAN,DISINFECT,COVER

Mappings in thought and language / (Record no. 121904)

MARC details
000 -LEADER
fixed length control field 02122mam a2200337 a 4500
001 - CONTROL NUMBER
control field 1999325
003 - CONTROL NUMBER IDENTIFIER
control field ARRUPE
005 - DATE AND TIME OF LATEST TRANSACTION
control field 20150127123745.0
008 - FIXED-LENGTH DATA ELEMENTS--GENERAL INFORMATION
fixed length control field 960530s1997 enka b 001 0 eng
010 ## - LIBRARY OF CONGRESS CONTROL NUMBER
LC control number 96023820
020 ## - INTERNATIONAL STANDARD BOOK NUMBER
International Standard Book Number 052146062X (hardcover)
020 ## - INTERNATIONAL STANDARD BOOK NUMBER
International Standard Book Number 0521599539 (pbk.)
035 ## - SYSTEM CONTROL NUMBER
System control number (OCoLC)ocm35627501
040 ## - CATALOGING SOURCE
Original cataloging agency DLC
Transcribing agency DLC
Modifying agency OrLoB-B
050 00 - LIBRARY OF CONGRESS CALL NUMBER
Classification number BF463.M4
Item number F38 1997
082 00 - DEWEY DECIMAL CLASSIFICATION NUMBER
Classification number 153.4
Edition number 20
300 ## - PHYSICAL DESCRIPTION
Other physical details ill. ;
Dimensions 24 cm.
100 1# - MAIN ENTRY--PERSONAL NAME
Personal name Fauconnier, Gilles.
9 (RLIN) 14666
245 10 - TITLE STATEMENT
Title Mappings in thought and language /
Statement of responsibility, etc Gilles Fauconnier.
260 ## - PUBLICATION, DISTRIBUTION, ETC. (IMPRINT)
Place of publication, distribution, etc Cambridge, U.K. ;
-- New York, NY, USA :
Name of publisher, distributor, etc Cambridge University Press,
Date of publication, distribution, etc 1997.
300 ## - PHYSICAL DESCRIPTION
Extent ix, 205 p. :
504 ## - BIBLIOGRAPHY, ETC. NOTE
Bibliography, etc Includes bibliographical references (p. [193]-201) and index.
505 00 - FORMATTED CONTENTS NOTE
Miscellaneous information 1.
Title Mappings --
Miscellaneous information 2.
Title Mental-Space Connections --
Miscellaneous information 3.
Title Tense and Mood --
Miscellaneous information 4.
Title Analogical Counterfactuals --
Miscellaneous information 5.
Title Matching --
Miscellaneous information 6.
Title Blends.
520 ## - SUMMARY, ETC.
Summary, etc Meaning in everyday thought and language is constructed at lightning speed. We are not conscious of the staggering complexity of the cognitive operations that drive our simplest behavior. This book examines a central component of meaning construction; the mappings that link mental spaces. A deep result of the research is the fact that the same principles operate at the highest levels of scientific, artistic, and literary thought as do the lower levels of elementary understanding and sentence meaning.
520 8# - SUMMARY, ETC.
Summary, etc Some key cognitive operations are analogical mappings, conceptual integration and blending, discourse management, induction, and recursion. The analyses are based on a rich array of attested data in ordinary language, humor, action and design, science, and narratives. Phenomena that receive attention include counterfactuals; time, tense, and mood; opacity; metaphor; fictive motion; grammatical constructions; and quantification over cognitive domains.
650 #0 - SUBJECT ADDED ENTRY--TOPICAL TERM
Topical term or geographic name as entry element Meaning (Psychology)
9 (RLIN) 14667
650 #0 - SUBJECT ADDED ENTRY--TOPICAL TERM
Topical term or geographic name as entry element Schemas (Psychology)
9 (RLIN) 14668
650 #0 - SUBJECT ADDED ENTRY--TOPICAL TERM
Topical term or geographic name as entry element Cognitive maps (Psychology)
9 (RLIN) 14669
650 #0 - SUBJECT ADDED ENTRY--TOPICAL TERM
Topical term or geographic name as entry element Psycholinguistics.
9 (RLIN) 14670
900 ## - EQUIVALENCE OR CROSS-REFERENCE-PERSONAL NAME [LOCAL, CANADA]
Numeration TOC
942 ## - ADDED ENTRY ELEMENTS (KOHA)
Source of classification or shelving scheme Library of Congress Classification
Koha item type Monograph ( Printed materials)
Holdings
Withdrawn status Lost status Source of classification or shelving scheme Damaged status Not for loan Collection code Home library Current library Shelving location Date acquired Total Checkouts Full call number Barcode Date last seen Price effective from Koha item type
    Library of Congress Classification     Main Collection ARRUPE LIBRARY ARRUPE LIBRARY Main Collection 27/01/2015   BF463.M4 F38 1997 46500001111 12/09/2016 27/01/2015 Monograph ( Printed materials)

 

Arrupe Library. PO Box MP320 Mt Pleasant, Harare, Zimbabwe
263 242 745411|librarian@aju.ac.zw